| 000 | 00486nam a2200145 4500 | ||
|---|---|---|---|
| 999 |
_c6166 _d6166 |
||
| 008 | 170210b xxu||||| |||| 00| 0 eng d | ||
| 082 | _aDPer 910.5 T69 Jan-Aug 2015 v. 1-4 | ||
| 100 |
_918638 _aGo, Marbee Shing |
||
| 245 |
_aA guide to the land of legends/ _cMarbee Shing Go. |
||
| 260 |
_aPhilippines: _bOne Mega Group, _c©2015. |
||
| 300 |
_av1, pages 29-31: _billustrations; _c28 cm. |
||
| 500 | _aTravel Now. | ||
| 650 | 0 |
_918639 _aTourist trade _xTravel _zGreece |
|
| 942 |
_2ddc _cPER |
||